Times por Escudo - 1. HNL 25/26 - Statistics

Estatísticas Gerais
  • Esse quiz foi jogado 5 vezes
  • A pontuação média é 5 de 10
Estatísticas das Respostas
Imagem Resposta % Correto
Dinamo de Zagreb
100%
Hajduk Split
80%
Rijeka
80%
Istra 1961
60%
Lokomotiva Zagreb
40%
Osijek
40%
HNK Gorica
20%
Slaven Belupo
20%
Varaždin
20%
Vukovar
20%
Nenhum quiz correspondente encontrado
Distribuição das Pontuações
Porcentagem de Pessoas com Cada Pontuação
Percentil de Números Respondidos
Sua Pontuação Histórica
Você não jogou esse quiz